| 000 | 00377cam a2200145ua 4500 | ||
|---|---|---|---|
| 041 |
_aeng _h |
||
| 082 |
_a612 _bWAT/TA |
||
| 100 | _aWatson, John . | ||
| 245 |
_aTables for the use of blacksmiths and forgens / _cJohn Watson. _hTextual Documents |
||
| 260 |
_aLondon : _bLongman Green and Co , _c1958. |
||
| 300 | _a88 ; . | ||
| 504 | _a | ||
| 942 | _cBK | ||
| 999 |
_c3994 _d3994 |
||